Which instruments should surveyors use to monitor moisture condition? (Record no. 74367)

MARC details
000 -LEADER
fixed length control field 01142cab a2200229 4500
001 - CONTROL NUMBER
control field ABS67697
008 - FIXED-LENGTH DATA ELEMENTS--GENERAL INFORMATION
fixed length control field 040415n2004 000 0 eng u
035 ## - SYSTEM CONTROL NUMBER
System control number (Sirsi) u125838
100 ## - MAIN ENTRY--PERSONAL NAME
Personal name Burkinshaw, R.
245 ## - TITLE STATEMENT
Title Which instruments should surveyors use to monitor moisture condition?
260 ## - PUBLICATION, DISTRIBUTION, ETC.
Date of publication, distribution, etc. 2004
490 ## - SERIES STATEMENT
Series statement Structural Survey
Volume/sequential designation 22(1) 2004, 7-19(13)
520 ## - SUMMARY, ETC.
Summary, etc. Discusses the concept of monitoring moisture content as a surveying aid in connection with appraisal of buildings and when assessing the drying out of buildings, for example, after flood damage. It also presents the findings of tests on various instruments to record the drying out of brick, timber and cement screed specimens. Conclusions are drawn on the most appropriate methods for the surveyor to use when monitoring the moisture content of construction materials. Graphs and tables. [Taken from journal abstract].
590 ## - LOCAL NOTE (RLIN)
Local note ABS
650 ## - SUBJECT ADDED ENTRY--TOPICAL TERM
Topical term or geographic name entry element MOISTURE CONTENT
650 ## - SUBJECT ADDED ENTRY--TOPICAL TERM
Topical term or geographic name entry element BRICKS
650 ## - SUBJECT ADDED ENTRY--TOPICAL TERM
Topical term or geographic name entry element WOOD
650 ## - SUBJECT ADDED ENTRY--TOPICAL TERM
Topical term or geographic name entry element CEMENT
650 ## - SUBJECT ADDED ENTRY--TOPICAL TERM
Topical term or geographic name entry element DAMPNESS MEASURING INSTRUMENTS
690 ## - LOCAL SUBJECT ADDED ENTRY--TOPICAL TERM (OCLC, RLIN)
Topical term or geographic name as entry element BUILDING AND CONSTRUCTION-REPAIRS AND MAINTENANCE
942 ## - ADDED ENTRY ELEMENTS (KOHA)
Suppress in OPAC 0
Holdings
Withdrawn status Lost status Source of classification or shelving scheme Damaged status Not for loan Home library Current library Shelving location Date acquired Total Checkouts Full call number Barcode Date last seen Copy number Price effective from Koha item type
    Dewey Decimal Classification     London London Journal article 15/04/2004   ABS67697 125838-1001 06/08/2019 1 06/08/2019 Journal article